000 00339nam a2200109Ia 4500
008 171211s9999 xx 000 0 und d
245 _aVoices of Islam (5 volumes)
245 _cOmid Safi, Vincent J. Cornell, and Virginia G. Blakemore-Henry
260 _c2006
650 _xReligion
856 _uhttp://down.ebook777.com/062/0275987329.pdf
999 _c350534
_d350534